LEADER 01155nam a2200253 i 4500 001 000000221337 003 CaOOAMICUS 005 20130703000000.0 008 130703s2010 it u000 u ita u 013 $a200234 020 $a978-88-8166-311-8 040 $aSeMil$bita 100 1 $aVacchelli, Gianni.$0(OLS)http://semarc/name/77353 245 10$aPer un'alleanza delle religioni :$bla Bibbia tra Panikkar e la radice ebraica /$cGianni Vacchelli. 260 $aSotto il Monte (BG) :$bServitium,$c2010. 300 $a157 p. ;$c21 cm. 650 4$aCosmologia - Religioni - Studio comparato.$0(OLS)http://semarc/subject/22057 650 4$aBibbia e religioni non cristiane.$0(OLS)http://semarc/subject/40664 850 $aSeMil 852 $aSeMil$W1$xVenegono$y1$m2R III 403$j171688$B171688$CSeMilBibl$Z2$F182438 $81 961 $aLascito: Martini Card. Carlo Maria 996 $6020$a978-88-8166-311-8$9(OLS)http://semarc/number/220302 996 $6245$aPer un'alleanza delle religioni :$bla Bibbia tra Panikkar e la radice ebraica$9(OLS)http://semarc/title/317275 996 $6260$aSotto il Monte (BG) :$bServitium$9(OLS)http://semarc/publisher/32220 LEADER 01179nam a2200289 i 4500 001 000000221400 003 CaOOAMICUS 005 20130705000000.0 008 130705s2008 it u000 u ita u 013 $a200297 020 $a978-88-514-0590-8 040 $aSeMil$bita 100 1 $aLessa, Ettore.$0(OLS)http://semarc/name/77484 245 12$aA Lourdes con Bernadette :$bstoria e luoghi, riflessioni e preghiere /$cEttore Lessa. 260 $aMilano :$bÀncora,$c2008. 300 $a172 p. ;$c21 cm. 490 0 $aItinerari 500 $aFondo card. C. M. Martini. - Con dedica autografa dell'Autore. 650 4$aMadonna - Lourdes - Storia.$0(OLS)http://semarc/subject/412 830 0$aItinerari.$0(OLS)http://semarc/title/10409 850 $aSeMil 852 $aSeMil$W1$xVenegono$y1$m2L III 61$j171751$B171751$CSeMilBibl$Z2$F182280 $81 941 1 $a4 961 $aLascito: Martini Card. Carlo Maria 996 $6020$a978-88-514-0590-8$9(OLS)http://semarc/number/220415 996 $6245$aA Lourdes con Bernadette :$bstoria e luoghi, riflessioni e preghiere$9(OLS)http://semarc/title/317378 996 $6260$aMilano :$bÀncora$9(OLS)http://semarc/publisher/29763